Communication Systems (Record no. 196045)

000 -LEADER
fixed length control field 00866 a2200193 4500
003 - CONTROL NUMBER IDENTIFIER
control field Nust
005 - DATE AND TIME OF LATEST TRANSACTION
control field 20220815185209.0
020 ## - INTERNATIONAL STANDARD BOOK NUMBER
International Standard Book Number 0471178691
040 ## - CATALOGING SOURCE
Transcribing agency Nust
082 ## - DEWEY DECIMAL CLASSIFICATION NUMBER
Classification number 621.382,HAY
100 ## - MAIN ENTRY--PERSONAL NAME
Personal name Haykin,Simon
245 ## - TITLE STATEMENT
Title Communication Systems
Statement of responsibility, etc. Simon Haykin
250 ## - EDITION STATEMENT
Edition statement 4th ed
260 ## - PUBLICATION, DISTRIBUTION, ETC.
Place of publication, distribution, etc. New York
Name of publisher, distributor, etc. John Wiley & Sons,INc
Date of publication, distribution, etc. 2001
300 ## - PHYSICAL DESCRIPTION
Extent xviii,816p;
505 ## - FORMATTED CONTENTS NOTE
Formatted contents note Background and Preview (Page-1), Random Processes (Page-31), Continuous-Wave Modulation (Page-88), Pulse Modulation (Page-183), Baseband Pulse Transmission (Page-247), Signal-Space Analysis (Page-309), Passband Digital Transmission (Page-344), Spread-Spectrum Modulation (Page-479), Multi User Radio Communications (Page-512), Fundamental Limits in Information Theory (Page-567), Error-Control Coding (Page-626).
650 ## - SUBJECT ADDED ENTRY--TOPICAL TERM
Topical term or geographic name entry element Telecommunication Engineering.
942 ## - ADDED ENTRY ELEMENTS (KOHA)
Source of classification or shelving scheme
Koha item type Book
Holdings
Withdrawn status Lost status Source of classification or shelving scheme Damaged status Not for loan Permanent Location Current Location Shelving location Date acquired Full call number Barcode Date last seen Price effective from Koha item type Public note
          Military College of Signals (MCS) Military College of Signals (MCS) Reference 12/12/2016 621.382,HAY MCS28332 12/08/2016 12/12/2016 Reference Almirah No.21, Shelf No.6
© 2023 Central Library, National University of Sciences and Technology. All Rights Reserved.